Teatro Medieval

में बचाया:
ग्रंथसूची विवरण
मुख्य लेखक: Lázaro Carreter, Fernando
स्वरूप: पुस्तक
भाषा:Undetermined
प्रकाशित: Valencia, España Castalia 1958
विषय:
टैग: टैग जोड़ें
कोई टैग नहीं, इस रिकॉर्ड को टैग करने वाले पहले व्यक्ति बनें!

MARC

LEADER 00000nam a2200000Ia 4500
008 170316s9999 xx 000 0 und d
090 |a 792 L-1t 
100 |a Lázaro Carreter, Fernando 
245 |a Teatro Medieval 
260 |a Valencia, España 
260 |b Castalia 
260 |c 1958 
300 |a 228 páginas 
650 |a TEATRO 
999 |c 19762  |d 19762 
040 |a cru BVZT 
942 |c 15 D  |h 792 L-1t  |2 z